MARC

LEADER 00000nam0a2200000 4500
001 366777
005 20231102011921.0
035 |a (RuTPU)RU\TPU\retro\24140 
090 |a 366777 
100 |a 20220218d1979 km y0rusy50 ca 
101 0 |a rus 
102 |a RU 
105 |a a z 001zy 
200 1 |a Экономика научного учреждения  |f Г. А. Лахтин 
210 |a Москва  |c Экономика  |d 1979 
215 |a 207 с.  |c ил. 
320 |a Библиография в ссылках 
606 1 |a Научные учреждения  |y СССР  |y Россия  |2 stltpush  |3 (RuTPU)RU\TPU\subj\45179  |9 64440 
610 1 |a экономика 
610 1 |a наука 
610 1 |a научные исследования 
610 1 |a организация 
610 1 |a планирование 
610 1 |a управление 
610 1 |a финансирование 
610 1 |a основные фонды 
610 1 |a оборотные фонды 
610 1 |a труд 
686 |a Ч214(2)7  |v LBC/SL-A  |2 rubbk 
700 1 |a Лахтин  |b Г. А.  |g Георгий Анатольевич 
801 1 |a RU  |b 63413507  |c 20220218 
942 |c BK